00754nam a2200241Ia 450000500170000000800460001703700110006304000080007404000080008204000080009004100080009804100080010608400080011410000510012224501200017326000090029330000100030265000120031270000720032494200070039699900210040395200880042420260430150605.0008 250103s9999 xx 000 0 eng d aTheses aCRL beng ceng 2eng aeng qCRL aRawat Nitish Au.; Raman Rajagopal Gu.91237939 0aAssessment of Antibiotic Resistance in Commercial Broiler Chickens and ‘Antibiotic-Free’ Labelled Chicken Meat c2024 a219p. aZoology aUniversity of Delhi. Faculty of Science. Deptt. of Zoology91237570 cTH c1850154d1850154 00104070aCRLbCRLd2026-04-30l0pTH0027857r2026-04-30 15:06:05w2026-04-30yTH